[Event "Turkey Cup 2019"]
[Site "Belek"]
[Date "2019.01.31"]
[Round "7.39"]
[White "Yenil, Mucahit"]
[Black "Kilic, Gokturk Kagan"]
[Result "1-0"]
[WhiteElo "1714"]
[BlackElo "2000"]
[Annotator "NA"]
[PlyCount "113"]
[EventDate "2019.01.27"]
[EventType "swiss"]
[EventCountry "TUR"]
[SourceTitle "playchess.com"]
[Source "ChessBase"]
[SourceQuality "1"]

1. d4 Nf6 2. Nf3 d6 3. Nc3 Nbd7 4. e4 e5 5. Bc4 h6 6. O-O g6 7. h3 Bg7 8. dxe5 dxe5 9. Qe2 c6 10. a4 O-O 11. a5 Qc7 12. Be3 Kh7 13. g4 Ne8 14. Kg2 Nd6 15. Bd3 Rd8 16. Nh2 Nf8 17. f4 exf4 18. Bxf4 Ne6 19. Bg3 Qe7 20. e5 Ne8 21. Nf3 N8c7 22. Bh4 Nf4+ 23. Kf2 Qc5+ 24. Qe3 Qxe3+ 25. Kxe3 Ng2+ 26. Ke2 Nxh4 27. Nxh4 Be6 28. Nf3 Nd5 29. Nxd5 Rxd5 30. Bc4 Rc5 31. Bxe6 fxe6 32. c3 Rd8 33. a6 Rd7 34. Rfd1 Rxd1 35. Rxd1 bxa6 36. Rd7 Rb5 37. b4 a5 38. Nd4 Rxe5+ 39. Kf3 Rd5 40. Rxa7 Kg8 41. Nxc6 Rd3+ 42. Ke4 Rxc3 43. Ne7+ Kh7 44. bxa5 Rxh3 45. Nc6 Rh4 46. Kf3 h5 47. Nd8 Rh3+ 48. Kg2 Re3 49. a6 hxg4 50. Re7 Kh6 51. a7 Ra3 52. Nc6 Ra2+ 53. Kg3 Ra3+ 54. Kxg4 Bf8 55. Re8 Bd6 56. Rh8+ Kg7 57. a8=Q 1-0

[Event "Turkey Cup 2019"]
[Site "Belek"]
[Date "2019.01.31"]
[Round "7.40"]
[White "Demircin, Kasim"]
[Black "Aydogdu, Cagatay"]
[Result "0-1"]
[WhiteElo "1878"]
[BlackElo "1727"]
[Annotator "NA"]
[PlyCount "80"]
[EventDate "2019.01.27"]
[EventType "swiss"]
[EventCountry "TUR"]
[SourceTitle "playchess.com"]
[Source "ChessBase"]
[SourceQuality "1"]

1. Nf3 g6 2. g3 Bg7 3. d4 d5 4. Bg2 c6 5. O-O Nf6 6. Bf4 O-O 7. Nbd2 b6 8. c4 Bb7 9. Qc2 Nbd7 10. Rfd1 Rc8 11. Ne5 Nh5 12. Nxd7 Qxd7 13. Be3 Rfd8 14. cxd5 cxd5 15. Qb3 Ba6 16. Bf3 Nf6 17. Rac1 e6 18. Nb1 Bc4 19. Qc2 Bxa2 20. Nc3 Bc4 21. b3 Bb5 22. Qa2 a5 23. Nxb5 Qxb5 24. h4 Ne4 25. Re1 Qb4 26. Qa4 Nc3 27. Qxb4 axb4 28. Bg5 Rd7 29. e3 Ra7 30. Rc2 Rca8 31. Rec1 Ra1 32. Kg2 Rxc1 33. Rxc1 Ra3 34. Bd8 b5 35. h5 Rxb3 36. Ba5 Bf8 37. Ra1 Rb2 38. Kf1 gxh5 39. Bxh5 Ne4 40. Be2 Nd2+ 0-1

[Event "Turkey Cup 2019"]
[Site "Belek"]
[Date "2019.01.31"]
[Round "7.41"]
[White "Gazioglu, Halit"]
[Black "Vursan, Emre Can"]
[Result "1-0"]
[WhiteElo "1909"]
[BlackElo "1678"]
[Annotator "NA"]
[PlyCount "41"]
[EventDate "2019.01.27"]
[EventType "swiss"]
[EventCountry "TUR"]
[SourceTitle "playchess.com"]
[Source "ChessBase"]
[SourceQuality "1"]

1. d4 d5 2. Nf3 Nc6 3. g3 Bg4 4. Nbd2 Qd7 5. h3 Bf5 6. c3 Nf6 7. Bg2 O-O-O 8. b4 Kb8 9. b5 Na5 10. Qa4 b6 11. Ne5 Qe8 12. Nb3 Bc2 13. Kd2 Bxb3 14. axb3 Ne4+ 15. Bxe4 dxe4 16. b4 f6 17. bxa5 fxe5 18. axb6 Kc8 19. Qxa7 Kd7 20. Qxc7+ Ke6 21. Qxe5+ 1-0

[Event "Turkey Cup 2019"]
[Site "Belek"]
[Date "2019.01.31"]
[Round "7.42"]
[White "Aysoy, Veysi"]
[Black "Ozturk, Oguzhan"]
[Result "0-1"]
[WhiteElo "1933"]
[BlackElo "1528"]
[Annotator "NA"]
[PlyCount "96"]
[EventDate "2019.01.27"]
[EventType "swiss"]
[EventCountry "TUR"]
[SourceTitle "playchess.com"]
[Source "ChessBase"]
[SourceQuality "1"]

1. c4 Nf6 2. g3 e6 3. Bg2 d5 4. Nf3 Bd6 5. O-O O-O 6. b3 Nbd7 7. Bb2 Re8 8. d3 e5 9. cxd5 Nxd5 10. Nbd2 c6 11. Nc4 Bb8 12. Qc2 f6 13. Rad1 Nf8 14. a3 Qe7 15. h3 Ng6 16. Bc1 Bc7 17. e4 Nb6 18. d4 exd4 19. Nxd4 Qc5 20. Nxb6 axb6 21. Qb2 Be5 22. b4 Qe7 23. f4 Bc7 24. Nf5 Bxf5 25. exf5 Nf8 26. Kh2 b5 27. Qc3 Bb6 28. g4 Rad8 29. Rde1 Qf7 30. Rxe8 Qxe8 31. g5 Bd4 32. Qg3 Kh8 33. Kh1 g6 34. Re1 Qf7 35. fxg6 hxg6 36. Rd1 f5 37. Rxd4 Rxd4 38. Bb2 Ne6 39. Qe3 Qd7 40. Qe5+ Kg8 41. Bxd4 Nxd4 42. Qf6 Qg7 43. Qd8+ Kh7 44. h4 Ne2 45. Qd6 Qa1+ 46. Kh2 Qg1+ 47. Kh3 Qe3+ 48. Kh2 Qg3+ 0-1

[Event "Turkey Cup 2019"]
[Site "Belek"]
[Date "2019.01.31"]
[Round "7.43"]
[White "Erdal, Emre"]
[Black "Demir, Bilal"]
[Result "1/2-1/2"]
[WhiteElo "1615"]
[BlackElo "2094"]
[Annotator "NA"]
[PlyCount "119"]
[EventDate "2019.01.27"]
[EventType "swiss"]
[EventCountry "TUR"]
[SourceTitle "playchess.com"]
[Source "ChessBase"]
[SourceQuality "1"]

1. e4 c5 2. c3 Nf6 3. e5 Nd5 4. d4 Nc6 5. Nf3 cxd4 6. cxd4 d6 7. exd6 Qxd6 8. Nc3 e6 9. Bc4 Be7 10. O-O O-O 11. Nb5 Qd8 12. Ne5 Nb6 13. Bd3 Nb4 14. Bb1 N4d5 15. Qd3 g6 16. Qf3 Nf6 17. Bh6 Re8 18. Rd1 Nbd5 19. Be4 Bd7 20. Nc3 Bc6 21. Bxd5 Bxd5 22. Qf4 Bf8 23. Bg5 Bg7 24. Nxd5 exd5 25. Qh4 Re6 26. Rd3 Qb6 27. Rb3 Qa6 28. Rc1 Ne8 29. Ng4 h5 30. Ne3 Re4 31. Qh3 Rxd4 32. g3 f5 33. Qg2 Rd3 34. Rxd3 Qxd3 35. Qxd5+ Qxd5 36. Nxd5 Kf7 37. Nc7 Rc8 38. Nxe8 Rxc1+ 39. Bxc1 Kxe8 40. b3 Kd7 41. Ba3 Ke6 42. Kf1 Kd5 43. Ke2 b5 44. Kd3 Bd4 45. f3 Bg1 46. h3 Bh2 47. g4 fxg4 48. fxg4 hxg4 49. hxg4 Bf4 50. Bb2 Be5 51. Ba3 Ba1 52. Ke3 a5 53. Kf4 Bf6 54. Bc1 Kc5 55. Ke4 Kb4 56. Kd5 a4 57. bxa4 bxa4 58. Ke6 Bd8 59. g5 Bxg5 60. Bxg5 1/2-1/2

[Event "Turkey Cup 2019"]
[Site "Belek"]
[Date "2019.01.31"]
[Round "7.44"]
[White "Ertekin, Ramazan"]
[Black "Dogdu, Mehmet"]
[Result "1-0"]
[WhiteElo "1738"]
[BlackElo "1940"]
[Annotator "NA"]
[PlyCount "53"]
[EventDate "2019.01.27"]
[EventType "swiss"]
[EventCountry "TUR"]
[SourceTitle "playchess.com"]
[Source "ChessBase"]
[SourceQuality "1"]

1. e4 c5 2. c3 Nf6 3. e5 Nd5 4. d4 d6 5. Nf3 Nc6 6. Bc4 Nb6 7. Bb5 e6 8. dxc5 dxc5 9. Qxd8+ Kxd8 10. Bxc6 bxc6 11. Bg5+ Kc7 12. b3 c4 13. Nbd2 Ba6 14. Ne4 h6 15. Be3 Rd8 16. b4 Rd3 17. O-O Rd5 18. a4 Be7 19. Nd4 Nd7 20. f4 g6 21. b5 Bb7 22. Rfb1 c5 23. b6+ Kb8 24. bxa7+ Ka8 25. Nb5 Rd3 26. Ned6 Rxe3 27. Nc7+ 1-0

[Event "Turkey Cup 2019"]
[Site "Belek"]
[Date "2019.01.31"]
[Round "7.45"]
[White "Hatirli, Ugur Can"]
[Black "Bilgin, Murat Evrensel"]
[Result "1/2-1/2"]
[WhiteElo "1713"]
[BlackElo "1898"]
[Annotator "NA"]
[PlyCount "126"]
[EventDate "2019.01.27"]
[EventType "swiss"]
[EventCountry "TUR"]
[SourceTitle "playchess.com"]
[Source "ChessBase"]
[SourceQuality "1"]

1. d4 Nf6 2. Nf3 d5 3. c4 c6 4. e3 Bf5 5. Qb3 Qb6 6. c5 Qxb3 7. axb3 Nbd7 8. Nc3 a6 9. b4 Rc8 10. Nd2 e5 11. Nb3 Be7 12. Be2 O-O 13. O-O Rfe8 14. Bd2 Bd8 15. Rfe1 Bc7 16. g3 e4 17. Na5 Rb8 18. Kg2 g5 19. h3 Kg7 20. Rh1 Nf8 21. Bd1 Ng6 22. Ba4 Bd7 23. Bd1 Ng8 24. Bh5 N8e7 25. Nb3 f5 26. Ne2 Rf8 27. Bxg6 Nxg6 28. Rag1 Rf7 29. Kf1 Rbf8 30. h4 h6 31. hxg5 hxg5 32. Rh5 Bd8 33. Rgh1 Rh8 34. Rxh8 Nxh8 35. Na1 Ng6 36. Nc2 Bc7 37. Rh5 Kf6 38. Ne1 f4 39. gxf4 gxf4 40. Nxf4 Nxf4 41. exf4 Bg4 42. Rh6+ Kg7 43. Rh4 Bf5 44. Ng2 Bd8 45. Rh1 Bf6 46. Be3 Kf8 47. Ne1 Bg4 48. Rh6 Kg7 49. Rh1 Kg6 50. Ng2 Bf3 51. Nh4+ Bxh4 52. Rxh4 Kf5 53. Ke1 Rg7 54. Kd2 Bg4 55. Rh6 Bf3 56. Rh4 Rf7 57. Rh3 Rg7 58. Rh4 Rf7 59. Rh3 Kf6 60. Rh6+ Ke7 61. Rh8 Bg4 62. Rg8 Bf5 63. Rg5 Ke6 1/2-1/2

[Event "Turkey Cup 2019"]
[Site "Belek"]
[Date "2019.01.31"]
[Round "7.46"]
[White "Arslanargun, Zana"]
[Black "Ozveren, Ali Bulent"]
[Result "1/2-1/2"]
[WhiteElo "1773"]
[BlackElo "1906"]
[Annotator "NA"]
[PlyCount "192"]
[EventDate "2019.01.27"]
[EventType "swiss"]
[EventCountry "TUR"]
[SourceTitle "playchess.com"]
[Source "ChessBase"]
[SourceQuality "1"]

1. d4 Nf6 2. c4 e6 3. Nc3 d5 4. e3 Be7 5. Nf3 O-O 6. Bd3 Nbd7 7. O-O c5 8. cxd5 exd5 9. dxc5 Nxc5 10. Be2 Be6 11. Nd4 a6 12. b3 Rc8 13. Bb2 Qd7 14. Rc1 Nfe4 15. f4 Nxc3 16. Rxc3 f5 17. Bf3 Ne4 18. Rxc8 Rxc8 19. Bxe4 dxe4 20. Qd2 Bf7 21. Rc1 Rd8 22. Qa5 Bf6 23. Rc7 Qd5 24. Rc5 Qd6 25. Qc7 Qxc7 26. Rxc7 Bd5 27. Rc2 Bxd4 28. Bxd4 Rd7 29. Kf2 Kf7 30. Ke2 h6 31. h4 Kg6 32. Kf2 Kh5 33. g3 Kg4 34. Be5 Bc6 35. Bd4 g6 36. a4 Rh7 37. Rc1 Rd7 38. h5 g5 39. Rc5 Rf7 40. Re5 Kxh5 41. a5 Kg4 42. Re6 Rh7 43. Rg6 Bd5 44. b4 Rc7 45. Bc5 Rh7 46. Bf8 Bc4 47. Rxh6 Rd7 48. Bd6 gxf4 49. Rh4+ Kg5 50. Bxf4+ Kf6 51. Rh6+ Ke7 52. Bg5+ Kf8 53. Rf6+ Kg7 54. Rxf5 Rd2+ 55. Ke1 Re2+ 56. Kd1 Rg2 57. Bf4 Kg6 58. Re5 Bb3+ 59. Ke1 Bc2 60. Rc5 Bd3 61. Kd1 Rb2 62. g4 Rxb4 63. Kd2 Rb3 64. g5 Bb5 65. Rc3 Rb4 66. Ra3 Bd3 67. Rc3 Rb2+ 68. Kc1 Rb5 69. Ra3 Kf5 70. Kd2 Rc5 71. Ra2 Bb5 72. Ra3 Rc8 73. Rc3 Rd8+ 74. Kc2 Bc6 75. Rc5+ Kg6 76. Kc3 Rd3+ 77. Kb2 Bd5 78. Rc3 Kf5 79. Rxd3 exd3 80. Kc3 Be4 81. Kd2 Ke6 82. Kc3 Kd5 83. Bc7 Kc6 84. Bb6 Kd7 85. Bd4 Ke6 86. Bf6 Bg6 87. Bd8 Kd5 88. Bb6 Ke4 89. Kd2 Bf5 90. Bd4 Kd5 91. Bb6 Kc6 92. Kc3 Kb5 93. Bd8 Kc6 94. Bb6 Bg6 95. Bd8 b5 96. axb6 Kb7 1/2-1/2

[Event "Turkey Cup 2019"]
[Site "Belek"]
[Date "2019.01.31"]
[Round "7.47"]
[White "Hatipli, Mehmet"]
[Black "Aslanhan, Halis"]
[Result "1-0"]
[WhiteElo "1888"]
[BlackElo "1779"]
[Annotator "NA"]
[PlyCount "59"]
[EventDate "2019.01.27"]
[EventType "swiss"]
[EventCountry "TUR"]
[SourceTitle "playchess.com"]
[Source "ChessBase"]
[SourceQuality "1"]

1. e4 c5 2. Nc3 e6 3. Nf3 a6 4. d4 cxd4 5. Nxd4 Qc7 6. Bd3 Nf6 7. O-O Be7 8. Qe2 d6 9. a4 b6 10. f4 Bb7 11. Be3 Nbd7 12. Nb3 O-O 13. Rae1 e5 14. Kh1 Rfc8 15. Rd1 exf4 16. Bxf4 Ne5 17. Nd4 Ng6 18. Bg3 Re8 19. Qf3 Ne5 20. Qe2 Ng6 21. Nf5 Bf8 22. Rde1 Qc5 23. Nh6+ gxh6 24. Rxf6 Be7 25. Rf5 Qb4 26. Bc4 Rf8 27. Ref1 Qxb2 28. Qd3 Nh8 29. Be1 Kg7 30. Nd5 1-0

[Event "Turkey Cup 2019"]
[Site "Belek"]
[Date "2019.01.31"]
[Round "7.48"]
[White "Canbulan, Arda"]
[Black "Bulut, Muhammed"]
[Result "1/2-1/2"]
[WhiteElo "1884"]
[BlackElo "1731"]
[Annotator "NA"]
[PlyCount "46"]
[EventDate "2019.01.27"]
[EventType "swiss"]
[EventCountry "TUR"]
[SourceTitle "playchess.com"]
[Source "ChessBase"]
[SourceQuality "1"]

1. e4 d5 2. exd5 Nf6 3. Bb5+ Bd7 4. Be2 Nxd5 5. d4 Bf5 6. a3 g6 7. Nf3 Bg7 8. O-O O-O 9. c4 Nb6 10. Nc3 Nc6 11. Be3 e5 12. d5 Ne7 13. Qb3 Qd7 14. Rfd1 Rfd8 15. c5 Nbxd5 16. Nxd5 Nxd5 17. Bg5 c6 18. Bxd8 Rxd8 19. Bc4 Bg4 20. Re1 Qf5 21. Rad1 e4 22. Nd4 Bxd1 23. Rxd1 Qd7 1/2-1/2

[Event "Turkey Cup 2019"]
[Site "Belek"]
[Date "2019.01.31"]
[Round "7.49"]
[White "Eren, Alper"]
[Black "Dinc, Melih"]
[Result "1-0"]
[WhiteElo "1919"]
[BlackElo "1729"]
[Annotator "NA"]
[PlyCount "123"]
[EventDate "2019.01.27"]
[EventType "swiss"]
[EventCountry "TUR"]
[SourceTitle "playchess.com"]
[Source "ChessBase"]
[SourceQuality "1"]

1. e4 e5 2. Nf3 d5 3. d4 dxe4 4. Nxe5 Bd6 5. Nc4 Nf6 6. Nxd6+ Qxd6 7. Be2 O-O 8. O-O Nc6 9. c3 Bf5 10. f3 Bg6 11. f4 Qd7 12. Na3 Rfe8 13. Nc4 Rad8 14. g4 h6 15. f5 Bh7 16. Qe1 Nd5 17. Qg3 f6 18. Ne3 Nxe3 19. Bxe3 Ne7 20. c4 c6 21. Rfd1 Kh8 22. Rac1 Rc8 23. Bf4 Rcd8 24. Qe3 Bxf5 25. gxf5 Nxf5 26. Qh3 Nxd4 27. Qxd7 Rxd7 28. Kf1 g5 29. Bd2 c5 30. Bc3 f5 31. Bh5 Red8 32. b4 cxb4 33. Bxb4 Nc6 34. Bc3+ Kg8 35. Rxd7 Rxd7 36. Rd1 Rxd1+ 37. Bxd1 Kf7 38. Bh5+ Kg8 39. Ke2 a6 40. Ke3 Kf8 41. a3 Kg8 42. Bf6 b5 43. cxb5 axb5 44. Be8 Na7 45. Bd7 Kf7 46. Bd4 Ke7 47. Bxf5 Nc6 48. Bxe4 Na5 49. Bd5 h5 50. Bb6 Nc4+ 51. Bxc4 bxc4 52. Kd4 Kd7 53. Kxc4 h4 54. Bf2 Ke6 55. a4 Kf5 56. a5 Ke4 57. a6 Kf3 58. Bb6 Kg2 59. Bc7 g4 60. a7 g3 61. hxg3 h3 62. a8=Q+ 1-0

[Event "Turkey Cup 2019"]
[Site "Belek"]
[Date "2019.01.31"]
[Round "7.50"]
[White "Iyiol, Mehmet"]
[Black "Cakmak, Sarven"]
[Result "1/2-1/2"]
[WhiteElo "1892"]
[BlackElo "1780"]
[Annotator "NA"]
[PlyCount "48"]
[EventDate "2019.01.27"]
[EventType "swiss"]
[EventCountry "TUR"]
[SourceTitle "playchess.com"]
[Source "ChessBase"]
[SourceQuality "1"]

1. e4 c6 2. d4 d5 3. e5 Bf5 4. g4 Bd7 5. Bd3 c5 6. dxc5 Qa5+ 7. Bd2 Qxc5 8. Nc3 d4 9. Ne4 Qxe5 10. f4 Qc7 11. g5 Nc6 12. Qf3 g6 13. Ne2 h5 14. h3 Bg7 15. b4 Rd8 16. O-O e6 17. b5 Nce7 18. Bb4 Nf5 19. N2g3 Bf8 20. Bd2 Nxg3 21. Qxg3 Bg7 22. Bb4 Bf8 23. Bd2 Bg7 24. Bb4 Bf8 1/2-1/2

[Event "Turkey Cup 2019"]
[Site "Belek"]
[Date "2019.01.31"]
[Round "7.51"]
[White "Ekinci, Berkay"]
[Black "Aslan, Onat Ugur"]
[Result "1/2-1/2"]
[WhiteElo "1688"]
[BlackElo "1812"]
[Annotator "NA"]
[PlyCount "58"]
[EventDate "2019.01.27"]
[EventType "swiss"]
[EventCountry "TUR"]
[SourceTitle "playchess.com"]
[Source "ChessBase"]
[SourceQuality "1"]

1. e4 c6 2. d4 d5 3. exd5 cxd5 4. Nf3 Nc6 5. c3 Bg4 6. Bd3 Nf6 7. O-O e6 8. Bg5 Qb6 9. Nbd2 Bd6 10. Qb3 h6 11. Bh4 Bxf3 12. Nxf3 Ne4 13. Bxe4 dxe4 14. Nd2 Qxb3 15. axb3 f5 16. f3 g5 17. Bf2 exf3 18. Nxf3 Kf7 19. Rfe1 Rhe8 20. Nd2 b6 21. Nc4 Bc7 22. b4 b5 23. Ne5+ Nxe5 24. dxe5 Bb6 25. Red1 Bxf2+ 26. Kxf2 Re7 27. Rd6 f4 28. Kf3 Kg6 29. Ke4 Rc8 1/2-1/2

[Event "Turkey Cup 2019"]
[Site "Belek"]
[Date "2019.01.31"]
[Round "7.52"]
[White "Gungor, Cihan Akif"]
[Black "Hereklioglu, Sude"]
[Result "0-1"]
[WhiteElo "1588"]
[BlackElo "1951"]
[Annotator "NA"]
[PlyCount "80"]
[EventDate "2019.01.27"]
[EventType "swiss"]
[EventCountry "TUR"]
[SourceTitle "playchess.com"]
[Source "ChessBase"]
[SourceQuality "1"]

1. e4 c5 2. Nc3 Nc6 3. f4 g6 4. Nf3 Bg7 5. a3 a6 6. Bc4 d6 7. d3 e6 8. O-O Nge7 9. Be3 d5 10. exd5 exd5 11. Nxd5 Nxd5 12. Bxc5 Bxb2 13. Rb1 Bf6 14. Re1+ Nce7 15. Qd2 O-O 16. Bxd5 Nxd5 17. c4 Bc3 18. Qc2 Bxe1 19. Rxe1 Nxf4 20. Bxf8 Qxf8 21. Qd2 Ne6 22. d4 Qxa3 23. d5 Qc5+ 24. Kh1 Ng7 25. Qh6 f6 26. Qh4 Qf8 27. Qd4 Nf5 28. Qb6 a5 29. c5 a4 30. Qb5 a3 31. d6 a2 32. Ra1 Qf7 33. Qb2 Be6 34. g4 Ne3 35. h3 Bd5 36. Qf2 Bxf3+ 37. Kg1 Qb3 38. Qxf3 Qb2 39. Qxe3 Qxa1+ 40. Kh2 Qe5+ 0-1

[Event "Turkey Cup 2019"]
[Site "Belek"]
[Date "2019.01.30"]
[Round "7.53"]
[White "Gonullu, Muhammed Sinan"]
[Black "Caglar, Mehmet Halil"]
[Result "1-0"]
[WhiteElo "1815"]
[BlackElo "1666"]
[Annotator "NA"]
[PlyCount "189"]
[EventDate "2019.01.27"]
[EventType "swiss"]
[EventCountry "TUR"]
[SourceTitle "playchess.com"]
[Source "ChessBase"]
[SourceQuality "1"]

1. d4 g6 2. Bg5 Bg7 3. c3 d5 4. Nf3 f6 5. Bf4 Bg4 6. Nbd2 e6 7. h3 Bxf3 8. Nxf3 Nh6 9. Qb3 b6 10. e3 O-O 11. Be2 c6 12. O-O Nf7 13. c4 Nd6 14. Rfd1 Ne4 15. Rac1 Nd7 16. Ne1 e5 17. Bh2 exd4 18. Rxd4 Ndc5 19. Qc2 f5 20. Rdd1 d4 21. Nf3 Ne6 22. exd4 Nxd4 23. Nxd4 Bxd4 24. Rf1 c5 25. Bf3 Qh4 26. Rcd1 Rae8 27. b4 Rd8 28. b5 Rfe8 29. Bxe4 Rxe4 30. Rde1 Rde8 31. Rxe4 Rxe4 32. Bb8 Re7 33. Qd3 Rb7 34. Bg3 Qd8 35. Qf3 Qe7 36. Kh2 Rd7 37. a4 Be5 38. Rd1 Rxd1 39. Qxd1 f4 40. Bh4 f3+ 41. Bg3 Bxg3+ 42. Kxg3 fxg2 43. Qd5+ Kg7 44. Kxg2 h5 45. Kg3 Kh6 46. h4 Qf6 47. f3 Qe7 48. Qa8 Kg7 49. Qd5 Qe1+ 50. Kh3 Qf1+ 51. Kg3 Qg1+ 52. Kh3 Qh1+ 53. Kg3 Qe1+ 54. Kh3 Qe3 55. Kg3 Qe7 56. Qd2 Qe5+ 57. f4 Qe6 58. Qc3+ Kf7 59. Qf3 Qe1+ 60. Kh3 Qe6+ 61. Kg3 Kf6 62. Qc3+ Kf5 63. Qd3+ Kf6 64. Qd8+ Kg7 65. Qc7+ Kh6 66. Qxa7 Qg4+ 67. Kf2 Qxf4+ 68. Kg2 Qg4+ 69. Kf1 Qxc4+ 70. Kg2 Qg4+ 71. Kf1 Qf4+ 72. Kg2 Qe4+ 73. Kf1 Qh1+ 74. Ke2 Qg2+ 75. Kd3 Qg3+ 76. Ke2 Qg2+ 77. Kd3 Qf3+ 78. Kd2 Qf2+ 79. Kd1 Qd4+ 80. Ke2 c4 81. Qe7 Qd3+ 82. Ke1 Qb1+ 83. Ke2 Qc2+ 84. Ke1 Qc3+ 85. Ke2 Qg7 86. Qxg7+ Kxg7 87. a5 bxa5 88. b6 Kf6 89. b7 Ke5 90. b8=Q+ Kd4 91. Kd2 Ke4 92. Qg3 a4 93. Qxg6+ Kd4 94. Qxh5 a3 95. Qa5 1-0

[Event "Turkey Cup 2019"]
[Site "Belek"]
[Date "2019.01.30"]
[Round "7.54"]
[White "Onem, Cem"]
[Black "Erdal, Emre"]
[Result "0-1"]
[WhiteElo "1840"]
[BlackElo "1615"]
[Annotator "NA"]
[PlyCount "58"]
[EventDate "2019.01.27"]
[EventType "swiss"]
[EventCountry "TUR"]
[SourceTitle "playchess.com"]
[Source "ChessBase"]
[SourceQuality "1"]

1. d4 d5 2. c4 e6 3. Nc3 Nf6 4. Nf3 Be7 5. Bg5 O-O 6. e3 c6 7. Bd3 h6 8. Bh4 Nbd7 9. O-O a6 10. a4 dxc4 11. Bxc4 Nd5 12. Bxe7 Qxe7 13. e4 Nxc3 14. bxc3 b5 15. Bd3 Bb7 16. Qe2 Nb6 17. a5 Nd7 18. Rfe1 c5 19. Qb2 cxd4 20. cxd4 Rac8 21. Nd2 Qf6 22. Bf1 Rfd8 23. Nb3 Rc7 24. f3 Rdc8 25. Re2 Qe7 26. Nc1 Rc3 27. Rd2 e5 28. d5 Qc5+ 29. Kh1 Rxc1 0-1

[Event "Turkey Cup 2019"]
[Site "Belek"]
[Date "2019.01.30"]
[Round "7.55"]
[White "Caliskan, Seha"]
[Black "Lokman, Hilmi Merih"]
[Result "1/2-1/2"]
[WhiteElo "1917"]
[BlackElo "1597"]
[Annotator "NA RC"]
[PlyCount "145"]
[EventDate "2019.01.27"]
[EventType "swiss"]
[EventCountry "TUR"]
[SourceTitle "playchess.com"]
[Source "ChessBase"]
[SourceQuality "1"]

1. d4 d5 2. c4 c6 3. cxd5 cxd5 4. Nf3 Nc6 5. Nc3 e6 6. Bf4 Bd6 7. Bg3 Nge7 8. e3 Nf5 9. Bxd6 Nxd6 10. Bd3 f5 11. O-O Qf6 12. Nb5 Nxb5 13. Bxb5 O-O 14. Bxc6 bxc6 15. Rc1 Ba6 16. Re1 Rfc8 17. Rc5 Rc7 18. Ne5 f4 19. exf4 Qxf4 20. Rxc6 Rxc6 21. Nxc6 Rf8 22. f3 Rf6 23. g3 Qd6 24. Ne5 Qb4 25. Kh1 h6 26. b3 Qc3 27. f4 h5 28. Nd7 Rg6 29. Nc5 Bb5 30. a4 Bc6 31. Rxe6 Rxe6 32. Nxe6 Bd7 33. Ng5 Bg4 34. Qf1 Qe3 35. b4 Bf5 36. h3 Qxg3 37. Qe2 Be4+ 38. Nxe4 dxe4 39. Qxe4 Qxh3+ 40. Kg1 Qg3+ 41. Kf1 h4 42. Qe8+ Kh7 43. Qh5+ Kg8 44. Qg5 Qf3+ 45. Kg1 Qe3+ 46. Kh2 Qxd4 47. Qxh4 Qxb4 48. Qd8+ Kh7 49. Qd3+ Kg8 50. Qd5+ Kh7 51. Qh5+ Kg8 52. Qe8+ Kh7 53. Kg3 Qc3+ 54. Kg4 Qf6 55. Qh5+ Kg8 56. Qd5+ Kh7 57. Qh1+ Qh6 58. Qxh6+ gxh6 59. Kh5 Kg7 60. a5 a6 61. f5 Kf6 62. Kxh6 Kxf5 63. Kh5 Ke5 64. Kg5 Kd5 65. Kf5 Kc5 66. Ke5 Kb5 67. Kd5 Kxa5 68. Kc5 Ka4 69. Kc4 a5 70. Kc3 Ka3 71. Kc2 a4 72. Kb1 Kb3 73. Ka1 1/2-1/2

[Event "Turkey Cup 2019"]
[Site "Belek"]
[Date "2019.01.30"]
[Round "7.56"]
[White "Yuksel, Davut Can"]
[Black "Oz, Dindar"]
[Result "1-0"]
[WhiteElo "1836"]
[BlackElo "1644"]
[Annotator "NA"]
[PlyCount "56"]
[EventDate "2019.01.27"]
[EventType "swiss"]
[EventCountry "TUR"]
[SourceTitle "playchess.com"]
[Source "ChessBase"]
[SourceQuality "1"]

1. d4 d5 2. c4 c6 3. Nf3 Nf6 4. Qc2 e6 5. g3 b6 6. Bg2 Bb7 7. O-O Nbd7 8. Nbd2 Be7 9. e4 Nxe4 10. Nxe4 dxe4 11. Qxe4 Nf6 12. Qc2 O-O 13. Rd1 Qc7 14. Bf4 Bd6 15. Ne5 Rad8 16. b4 c5 17. dxc5 Bxe5 18. cxb6 axb6 19. Bxe5 Qxe5 20. Bxb7 Qc7 21. Bf3 Rc8 22. Rac1 Rfd8 23. Rxd8+ Rxd8 24. a4 h5 25. c5 Rd4 26. Qc3 bxc5 27. Qxd4 Nd5 28. Qc3 Nf6 1-0

[Event "Turkey Cup 2019"]
[Site "Belek"]
[Date "2019.01.30"]
[Round "7.57"]
[White "Ozturk, Oguzhan"]
[Black "Demir, Zeki"]
[Result "1-0"]
[WhiteElo "1528"]
[BlackElo "1805"]
[Annotator "NA"]
[PlyCount "123"]
[EventDate "2019.01.27"]
[EventType "swiss"]
[EventCountry "TUR"]
[SourceTitle "playchess.com"]
[Source "ChessBase"]
[SourceQuality "1"]

1. d4 d5 2. c4 e6 3. Nc3 Nf6 4. cxd5 exd5 5. Bg5 Be7 6. e3 c6 7. Bd3 Ne4 8. Bf4 Bb4 9. Nge2 Qa5 10. Qc2 Nf6 11. h3 O-O 12. O-O Nbd7 13. a3 Be7 14. b4 Qd8 15. Na4 h6 16. Rfc1 a6 17. Nc5 b6 18. Nb3 Bb7 19. Bh2 Re8 20. Ng3 Bd6 21. Nf5 Bxh2+ 22. Kxh2 Ne4 23. Bxe4 Rxe4 24. Ng3 Re6 25. a4 g6 26. Ne2 g5 27. Kg1 Nf6 28. a5 Ne4 29. axb6 Qxb6 30. Nc5 Nxc5 31. bxc5 Qc7 32. Rcb1 Rae8 33. Ng3 Ra8 34. Nf5 a5 35. Nd6 Ba6 36. Qa4 Bd3 37. Rb7 Qd8 38. Qxc6 Ra6 39. Qa4 g4 40. Qb3 Qg5 41. Qxd3 gxh3 42. g3 Rf6 43. Qe2 Ra8 44. Kh2 h5 45. Rab1 h4 46. Rg1 Rg6 47. Rbb1 a4 48. gxh4 Qxh4 49. Rxg6+ fxg6 50. Qf3 Rf8 51. Qxd5+ Kh8 52. Ne4 a3 53. Rg1 a2 54. Qe5+ Kh7 55. d5 Rf5 56. Qg3 Qh6 57. d6 Qg7 58. d7 Rd5 59. Ng5+ Rxg5 60. Qxg5 a1=Q 61. Rxa1 Qxa1 62. d8=Q 1-0

[Event "Turkey Cup 2019"]
[Site "Belek"]
[Date "2019.01.30"]
[Round "7.58"]
[White "Sazlik, Mucahit"]
[Black "Zekeriyaoglu, Ersen"]
[Result "0-1"]
[WhiteElo "1527"]
[BlackElo "1759"]
[Annotator "NA"]
[PlyCount "126"]
[EventDate "2019.01.27"]
[EventType "swiss"]
[EventCountry "TUR"]
[SourceTitle "playchess.com"]
[Source "ChessBase"]
[SourceQuality "1"]

1. d4 d5 2. c4 dxc4 3. Nc3 Nf6 4. e4 e6 5. Bxc4 a6 6. Nge2 b5 7. Bb3 Bb7 8. f3 c5 9. Be3 Nbd7 10. O-O cxd4 11. Bxd4 Bc5 12. Qd2 e5 13. Be3 Qb6 14. Kf2 O-O 15. Rfd1 Rfd8 16. Bxc5 Nxc5 17. Qe3 Bxe4 18. Bxf7+ Kxf7 19. b4 Bxf3 20. bxc5 Ng4+ 21. Kxf3 Nxe3 22. cxb6 Nxd1 23. Rxd1 Rxd1 24. Nxd1 Rb8 25. Ke4 Rxb6 26. Ne3 Rd6 27. Kxe5 Rd2 28. Nc1 b4 29. Ke4 a5 30. h3 a4 31. g3 a3 32. Kf3 b3 33. axb3 a2 34. Nxa2 Rxa2 35. Nc4 Rc2 36. Kf4 Kf6 37. h4 Rc3 38. Na5 Rc5 39. Nc4 Rb5 40. Nd2 Rb4+ 41. Ke3 Kf5 42. Kf3 h5 43. Kg2 Kg4 44. Nf3 Rxb3 45. Nh2+ Kf5 46. Kf2 Rb2+ 47. Kg1 g6 48. Kh1 Ke4 49. Kg1 Ke3 50. g4 Kf4 51. gxh5 gxh5 52. Nf1 Kg4 53. Ne3+ Kxh4 54. Nf1 Kh3 55. Ne3 Rh2 56. Nd5 Rg2+ 57. Kh1 Rd2 58. Nf4+ Kg4 59. Ng2 h4 60. Ne3+ Kf3 61. Ng2 h3 62. Nh4+ Kg4 63. Ng6 Kg3 0-1